LDR 00953naa#a2200181#i#450# 001 RU\\bibl\19425 005 20260516032329.6 100 ## _a20260515b2026####ek#y0rusy0150####ca 102 ## _aRU 200 1# _aРОСТ И ПРОДУКТИВНОСТЬ СОСНЫ ОБЫКНОВЕННОЙ И СОСНЫ КРЫМСКОЙ В УСЛОВИЯХ ГОРОДА СЕВАСТОПОЛЯ _eСтатья/тезисы конференции 210 1# _aВоронеж _cВоронежский государственный лесотехнический университет имени Г.Ф. Морозова _d2026 215 ## _a7 с. 608 ## _aСтатья/тезисы конференции _2local 675 ## _aУсловия существования растений. 630.181 _z 700 #1 _aКопыленкова _gА. А. 700 #1 _aЦепляев _gАлексей Николаевич 700 #1 _aЖурихин _gАлексей Иванович 856 4# _abibl.vgltu.ru _u